Políticas de crecimiento urbano: La experiencia de Costa Rica /
Salvato in:
| Autore principale: | |
|---|---|
| Natura: | Sconosciuto |
| Pubblicazione: |
San José:
UF. Centro de Estudios Latinoamericanos. MEIC. DGEC
|
| Soggetti: | |
| Tags: |
Aggiungi Tag
Nessun Tag, puoi essere il primo ad aggiungerne!!
|
MARC
| LEADER | 00000 a2200000 04500 | ||
|---|---|---|---|
| 001 | 14522 | ||
| 003 | |||
| 008 | 991231s d | ||
| 040 | |a CRAI/IIS |c CRAI/IIS | ||
| 090 | |a 023305 | ||
| 100 | |a Carvajal, Manuel J | ||
| 245 | |a Políticas de crecimiento urbano: La experiencia de Costa Rica / |c Manuel J. Carvajal | ||
| 260 | |a San José: |b UF. Centro de Estudios Latinoamericanos. MEIC. DGEC | ||
| 650 | |a POLITICA URBANA | ||
| 999 | |c 16526 |d 16526 | ||
